书目信息 |
| 题名: |
世界名曲扬琴曲选
|
|
| 作者: | 王文礼 编著 | |
| 分册: | ||
| 出版信息: | 长沙 湖南文艺出版社 2009.07 |
|
| 页数: | 226页 | |
| 开本: | 30cm | |
| 丛书名: | ||
| 单 册: | ||
| 中图分类: | J648.51 | |
| 科图分类: | ||
| 主题词: | 扬琴--器乐曲--世界--选集 , 扬琴 , 器乐曲 | |
| 电子资源: | ||
| ISBN: | 978-7-5404-4355-9 | |
| 000 | 00883ncm0 2200265 450 | |
| 001 | 012004374437 | |
| 005 | 20091221094555.90 | |
| 010 | @a978-7-5404-4355-9@dCNY38.00 | |
| 100 | @a20091124d2009 em y0chiy0110 ea | |
| 101 | 0 | @achi |
| 102 | @aCN@b430000 | |
| 105 | @aag z 000yy | |
| 106 | @ar | |
| 200 | 1 | @a世界名曲扬琴曲选@9shi jie ming qu yang qin qu xuan@f王文礼编著 |
| 210 | @a长沙@c湖南文艺出版社@d2009.07 | |
| 215 | @a226页@c图@d30cm@e1光盘 | |
| 307 | @a附光盘:ISRC CN-S13-09-313-00 | |
| 330 | @a本曲集所收录的二十首乐曲都是具有一定影响力与代表性的世界名曲。这些乐曲在音乐的内容与风格上都各具特色,既有古典的、也有现代的,既有严肃的,也有通俗的。 | |
| 606 | 0 | @a扬琴@x器乐曲@y世界@j选集 |
| 606 | 0 | @a扬琴 |
| 606 | 0 | @a器乐曲 |
| 690 | @aJ648.51@v4 | |
| 701 | 0 | @a王文礼@9wang wen li@4编著 |
| 801 | 0 | @aCN@bNLC@c20091221 |
| 905 | @b20798463-67@dJ648.51@e162@f5 | |
| 世界名曲扬琴曲选/王文礼编著.-长沙:湖南文艺出版社,2009.07 |
| 226页:图;30cm+1光盘 |
| ISBN 978-7-5404-4355-9:CNY38.00 |
| 本曲集所收录的二十首乐曲都是具有一定影响力与代表性的世界名曲。这些乐曲在音乐的内容与风格上都各具特色,既有古典的、也有现代的,既有严肃的,也有通俗的。 |
| ● |
| 相关链接 |
|
|
|
|
正题名:世界名曲扬琴曲选
索取号:J648.51/162
 
预约/预借
| 序号 | 登录号 | 条形码 | 馆藏地/架位号 | 状态 | 备注 |
| 1 | 798463 | 207984635 | 第一样本阅览室/ [索取号:J648.51/162] | 在馆 | |
| 2 | 798464 | 207984644 | 第一借阅区/ [索取号:J648.51/162] |
已借出,限还日期为2015.10.12 借出人:高秀敏 |
|
| 3 | 798465 | 207984653 | 第一借阅区/ [索取号:J648.51/162] | 在馆 | |
| 4 | 798466 | 207984662 | 第一借阅区/ [索取号:J648.51/162] | 在馆 | |
| 5 | 798467 | 207984671 | 音乐系资料室/ [索取号:J648.51/162] | 在馆 |